Linux Distros: Sudden Death - Statistics

General Stats
  • This quiz has been taken 117 times
  • The average score is 5 of 10
Answers on the Grid
Answers color-coded by a green-red scale on the quiz's grid according to % correct below.
Ubuntu
Dome
Arch
GNOME
Lubuntu
Windows
MacOS
Gobuntu
Tybuntu
Zorin
Canary OS
Chasm OS
Damp
ChromeOS
Night
Shadow OS
Kubuntu
Mint
Bazzite
Pop OS
 
Answer Stats
Answer % Correct
Ubuntu
97%
Arch
81%
Lubuntu
68%
Mint
62%
Kubuntu
49%
Pop OS
46%
Zorin
43%
Bazzite
38%
ChromeOS
29%
Gobuntu
13%
No matching quizzes found
Score Distribution
Percent of People with Each Score
Percentile by Number Answered
Your Score History
You have not taken this quiz